000 00364nam a22001457a 4500
999 _c197519
_d197519
008 230824b ||||| |||| 00| 0 eng d
082 _a500-BOS
100 _aBose, Sumita
245 _aJoy of Mathematics
_hEnglish
260 _aDelhi
_bA.I.C.B.
_cRohini
270 _aA.I.C.B. Rohini, Delhi
300 _a12x13
490 _v1
942 _2ddc
_cBRLEN
_k500
_mBOS